00628nam a2200181 i 450000100060000000300090000600500170001500700030003200800410003510000420007624500710011825000150018926000390020430000320024385200320027599900170030795201220032440385ES-MaACL20250522063043.0t|030306s1969 sp ||||1| spa d1 aCarnicer, Ramón, d1912-200793537710aEntre la ciencia y la magia b: Mariano Cubi / cRamón Carnicer. a[1ª ed.]. aBarcelona : bSeix Barral, c1969. a467 p., 8 lám. ; c20 cm. aES-MaACLjC-39495 bR.71283 c40385d40385 00104070aATENEOMbATENEOMcDEPO2d2008-01-17eSCl0oC-39495p1042515r2023-02-23 00:00:00w2023-02-23yMONOGRAFIA